But you don't look like a Muslim (Record no. 25248)
[ view plain ]
| 000 -LEADER | |
|---|---|
| fixed length control field | 01295 a2200145 4500 |
| 020 ## - INTERNATIONAL STANDARD BOOK NUMBER | |
| ISBN | 9789353026813 |
| 082 ## - DEWEY DECIMAL CLASSIFICATION NUMBER | |
| Classification number | 297.0954 |
| Item number | JAL-B |
| 100 ## - MAIN ENTRY--AUTHOR NAME | |
| Personal name | Jalil, Rakhshanda |
| 245 ## - TITLE STATEMENT | |
| Title | But you don't look like a Muslim |
| Sub Title | : essays on identity and culture |
| 260 ## - PUBLICATION, DISTRIBUTION, ETC. (IMPRINT) | |
| Name of publisher | HarperCollins Publishers |
| Year of publication | 2019 |
| Place of publication | Noida |
| 300 ## - PHYSICAL DESCRIPTION | |
| Number of Pages | xiii, 223p. |
| 520 ## - SUMMARY, ETC. | |
| Summary, etc | What does it mean to be Muslim in India? What does it mean to look like one’s religion? Does one’s faith determine how one is perceived? Is there a secular ideal one is supposed to live up to? Can people of different faiths have a shared culture, a shared identity? India has, since time immemorial, been plural, multi-cultural, multi-ethnic and multi-lingual, where various streams have fed into and strengthened each other, and where dissimilarities have always been a cause for rejoicing rather than strife. These writings, on and about being Muslim in India, by Rakhshanda Jalil – one of the country’s foremost literary historians and cultural commentators – excavate memories, interrogate dilemmas, and rediscover and celebrate a nation and its syncretic culture. But You Don’t Look Like a Muslim is a book that every thinking Indian must read. |
| 650 ## - SUBJECT ADDED ENTRY--TOPICAL TERM | |
| Form subdivision | Muslims--Social conditions |
| -- | Muslims--Ethnic identity |
| Geographic subdivision | India |
| 942 ## - ADDED ENTRY ELEMENTS (KOHA) | |
| Source of classification or shelving scheme | Dewey Decimal Classification |
| Koha item type | Books |
| Withdrawn status | Lost status | Damaged status | Not for loan | Home library | Current library | Date acquired | Source of acquisition | Cost, normal purchase price | Bill Date | Full call number | Accession Number | Cost, replacement price | Price effective from | Koha item type |
|---|---|---|---|---|---|---|---|---|---|---|---|---|---|---|
| NASSDOC Library | NASSDOC Library | 06/09/2019 | 7 | 437.27 | 2019-09-04 | 297.0954 JAL-B | 50473 | 599.00 | 06/09/2019 | Books |
